00756nam a22002537a 4500003000500000005001700005008004100022010000900063011000900072035000900081040000900090082001300099100002000112245003700132260004000169300001100209490006500220650002800285650002100313650004100334650003500375700002700410830006500437CHAP20220329133550.0971013s1993 r 00010 d a7952 a8924 a8158 cCHAP a632bJ3900aJacobs, T.eed. aDurability of disease resistance aDordrecht :bKluwer Academic,c1993 a375 p. aCurrent plant science and biotechnology in agriculturev; 1814aCultivosxMejoramiento.14aFitopatología.14aPlantasxResistencia a enfermedades.14aPlantasxResistencia a plagas.0 aParlevliet, J. E.eed.0 aCurrent plant science and biotechnology in agriculturev; 18